[Event "US Open-88"]
[Site "Portland"]
[Date "1987.08.02"]
[Round "1"]
[White "Silman, Jeremy D"]
[Black "Kramer, Steven D"]
[Result "1-0"]
[WhiteElo "2494"]
[BlackElo "1714"]
[PlyCount "51"]
[EventDate "1987.08.02"]
[EventType "swiss"]
[EventRounds "12"]
[EventCountry "USA"]
[SourceTitle "EXT 1997"]
[Source "ChessBase"]
[SourceDate "1996.11.15"]
[SourceVersion "1"]
[SourceVersionDate "1996.11.15"]
[SourceQuality "1"]

1. d4 d5 2. c4 e6 3. Nc3 Nf6 4. Nf3 c5 5. cxd5 Nxd5 6. e4 Nxc3 7. bxc3 Nc6 8. d5 exd5 9. exd5 Ne7 10. d6 Nf5 11. Bb5+ Bd7 12. Qe2+ Be7 13. dxe7 Nxe7 14. Ne5 Bxb5 15. Qxb5+ Kf8 16. 0-0 b6 17. Bg5 f6 18. Rad1 Qe8 19. Nd7+ Kf7 20. Qc4+ Kg6 21. Bf4 Rd8 22. Ne5+ fxe5 23. Qe6+ Kh5 24. g4+ Kh4 25. Bg3+ Kg5 26. h4# 1-0